Hunger Games Definitions Quiz Stats

 Plays Quiz Updated Jan 16, 2015

Challenge
Share
Tweet
Embed
Score 0/20 Timer 05:00
1 Play Today
Definition Term % Correct
A giant golden horn where items for the Games are placedCornucopia
76.1%
Bird that crossed with mockingbirds to make mockingjaysJabberjay
72%
The name for a special Hunger Games that happens only every 25 yearsQuarter Quell
70.8%
The location where a Hunger Game takes placeArena
67.6%
One of two Hunger Games participants picked from each DistrictTribute
66.5%
Drawing of names for the Hunger GamesReaping
66.3%
Genetically altered waspsTracker Jackers
65.8%
A genetically altered animalMuttation
64.3%
Poisonous berries picked by PeetaNightlock
57.3%
A traitor who has had their tongue removedAvox
56.6%
Definition Term % Correct
Any one of the people in charge of the Hunger GamesGamemaker
51.9%
A powerfully addicting painkillerMorphling
46.5%
The train ride through the Districts by the winners of the Hunger GamesVictory Tour
45.6%
Advertisement-like movies made by rebelsPropos
41.2%
A token for a measure of grain and oil in exchange for additional name entries into the GamesTessera
35.1%
The term for the first rebellion that led to the Hunger GamesDark Days
26%
Game bird, similar to a goose, whose name Rue tells KatnissGroosling
22.9%
An obstacle that releases a weapon and protects the CapitolPod
21.6%
A Capitol citizen whose job it is to help train Hunger Games participantsEscort
17.2%
Annually read document that tells the story of the Hunger GamesTreaty of Treason
14.6%

You're not logged in!

Compare scores with friends on all Sporcle quizzes.
OR
Log In

You Might Also Like...

Show Comments

Extras

Top Quizzes Today


Score Distribution

Your Account Isn't Verified!

In order to create a playlist on Sporcle, you need to verify the email address you used during registration. Go to your Sporcle Settings to finish the process.

Report this User

Report this user for behavior that violates our Community Guidelines.

Details: